Политическа икономия (Запис номер 404239)
[ съкратено ]
| 000 -Лидер | |
|---|---|
| Контролно поле с фиксирана дължина | nam a22 a 4500 |
| 003 - Код на организацията, давaща контролен номер | |
| Контролно поле | BLK |
| 005 - Дата и час на последна редакция | |
| Контролно поле | 20210331101905.0 |
| 008 - Елементи от данни с фиксирана дължина | |
| fixed length control field | 210331b bu ||||| |||| 00| 0 bu d |
| 040 ## - Източник на каталожния запис | |
| Идентификатор на билиотеката - собственик на записа | BLK |
| 041 ## - Код за език | |
| Код за езика на текст/звукозапис или на отделно заглавие | Български |
| Код за езика КДБФ | Български |
| 080 ## - УДК | |
| Текстов определител УДК | Икономически науки в цялост. Политическа икономия. Вж и 338 ; 65 |
| УДК код - определител по УДК | 330 |
| УДК - код + определител | 330 |
| 100 ## - Редна дума - Автор | |
| R(LIN) | 1299 |
| Автор | Островитянов, Константин Василиевич |
| Авторска отговорност | първи автор |
| 139 ## - Редно поле | |
| Редна дума | Политическа икономия |
| Авторски знак | Пол - П 69 |
| 245 ## - Сведения за заглавието | |
| Заглавие | Политическа икономия |
| Подзаглавни данни | Учебник |
| Редно поле (дума) | К. В. Островитянов и др. ; прев. Неделчо Манев, Надежда Узунова ; ред. Георги Георгиев, Лазар Младенов |
| 260 ## - Област на издателските данни | |
| 9 (RLIN) | 212206 |
| Място на издаване, разпространение и проч. | София |
| Име на издателя, разпространителя и проч. | БКП |
| Година на издаване | 1954 |
| 300 ## - Физическа характеристика | |
| Страници | 832 с. |
| Размери/Мащаб | 22 см |
| 380 ## - Жанр | |
| Жанр | Обществени науки |
| 650 #0 - Допълнително описание по предмет – тема | |
| 9 (RLIN) | 445726 |
| Основно описание – тема или топоним | Политическа икономия – Учебник |
| 653 #7 - Ключова дума – ненормативна | |
| 9 (RLIN) | 194055 |
| Ключова дума | политическа икономия |
| 700 ## - Други автори (авторска отговорност) | |
| 9 (RLIN) | 376332 |
| Лично име | Манев, Неделчо |
| Автороска отговорност (Описва отношението между автора и произведението) | прев. от рус. |
| 700 ## - Други автори (авторска отговорност) | |
| 9 (RLIN) | 1121 |
| Лично име | Узунова, Надежда |
| Автороска отговорност (Описва отношението между автора и произведението) | прев. от рус. |
| 700 ## - Други автори (авторска отговорност) | |
| 9 (RLIN) | 1311 |
| Лично име | Георгиев, Георги |
| Автороска отговорност (Описва отношението между автора и произведението) | ред. |
| 700 ## - Други автори (авторска отговорност) | |
| 9 (RLIN) | 1311 |
| Лично име | Младенов, Лазар |
| Автороска отговорност (Описва отношението между автора и произведението) | ред. |
| 852 ## - Местоположение | |
| Форматна сигнатура | Цб 3.205.43424 |
| Фондова буква | Хранилище |
| 999 ## - СИСТЕМНИ КОНТРОЛНИ НОМЕРА | |
| Koha biblionumber | 404239 |
| Koha biblioitemnumber | 404239 |
| 942 ## - АРТИКУЛИ | |
| Вид на библиотечния материал | Книги |
| Скрит в OPAC | Не |
| Периодичен библиозапис | Да |
| 944 ## - СЪЗДАВАНЕ И РЕДАКЦИЯ на ЗАПИСА | |
| Създаване/Редакция | Създаване |
| Дата на регистрацията/редакция | 2021-03-31 |
| Служител, извършил регистрацията/редакцията | ВП |
| Код за отписване | Код за изгубен артикул | Източник на класификационната схема | Код за повреда | Коз за рестрикции | Код за отдаване | Артикулен № | Име на библиотеката - собственик | Име на библиотеката, в която се намира в момента | Статус (Текущо местоположение) | Дата на вписване в системата | Местоположение - отдел | Цена в лева | Инвентарен номер | Систематично азбучна сигнатура | Баркод | Цена в евро | Служебен тип на артикула |
|---|---|---|---|---|---|---|---|---|---|---|---|---|---|---|---|---|---|
| Не е изгубен | Universal Decimal Classification | Не е повреден | само за читалня | ползва се в читалня | 821005 | Регионална библиотека "Любен Каравелов" Русе | Регионална библиотека "Любен Каравелов" Русе | Хранилище | 2021-04-09 | Основен фонд - ползва се само за читалня | 2.14 | 1428/55 | Цб 3.205.43424 | 900000053906 | 1.09 | Книги |